Радикальная реформа ценообразования

Detalles Bibliográficos
Autor principal: Павлов В. С. Валентин Сергеевич
Sumario:Исключено из фонда НТБ ТПУ
Lenguaje:ruso
Publicado: Москва, Финансы и статистика, 1988
Formato: MixedMaterials Libro
KOHA link:https://koha.lib.tpu.ru/cgi-bin/koha/opac-detail.pl?biblionumber=262380

MARC

LEADER 00000nam0a2200000 4500
001 262380
005 20231031222015.0
010 |a 5279002488 
020 |a RU  |b 88-47283 
035 |a (RuTPU)RU\TPU\book\285363 
090 |a 262380 
100 |a 20140531d1988 k y0rusy5003 ca 
101 0 |a rus 
102 |a RU 
105 |a a z 000zy 
200 1 |a Радикальная реформа ценообразования  |f В. С. Павлов 
210 |a Москва  |c Финансы и статистика  |d 1988 
215 |a 97 с.  |c ил. 
333 |a Исключено из фонда НТБ ТПУ 
700 1 |a Павлов  |b В. С.  |g Валентин Сергеевич 
801 0 |a RU  |b RuMRKP  |c 19950417  |g psbo 
801 1 |a RU  |b 63413507  |c 20140531 
801 2 |a RU  |b 63413507  |c 20220314  |g RCR 
942 |c BK